000 00338nam a22001457a 4500
020 _a9780070702530
082 _a621.4022
100 _aNag, P K.
245 _aHeat and Mass Transfer
250 _a3rd ed.
260 _aNew Delhi :
_bTata McGraw Hill ,
_c2013.
300 _a798 p : ,
_b24 cm .
500 _aPaperback.
942 _cBK
999 _c33866
_d33866